000 00576nam a2200157 i 4500
001 42332
003 ES-MaACL
005 20230906160606.0
007 t|
008 030313s1897 sp ||||1| spa d
100 1 _aCastillo y Jiménez, José M. del.
_936777
245 1 3 _aEl katipunan o el filibusterismo en Filipinas
_b: crónica ilustrada con documentos autógrafos y fotograbados /
_cJosé M. del Castillo y Jiménez.
260 _aMadrid :
_b[s.n.,
_c1897] (
_fImp. del Asilo de Huérfanos del S. C. de Jesús)
300 _a396 p. ;
_c20 cm.
852 _aES-MaACL
_jD-1787
999 _c42332
_d42332